Statistics for F1 grand prix winning countries

Click here to take the quiz!

General Stats

  • This quiz has been taken 777 times
    (318 since last reset)
  • The average score is 18 of 22

Answer Stats

Hint Answer % Correct
26819United Kingdom
99%
1767Germany
99%
7912France
97%
4315Italy
94%
3315United States
94%
1016Brazil
93%
321Spain
93%
424Australia
89%
495Finland
87%
413Austria
86%
383Argentina
84%
172Canada
82%
123Sweden
79%
21Mexico
76%
31Netherlands
75%
112Belgium
74%
11Poland
70%
101South Africa
67%
122New Zealand
65%
11Venezuela
63%
72Switzerland
62%
71Colombia
55%

Score Distribution

Percentile by Number Answered

Percent of People with Each Score

Your Score History

You have not taken this quiz since the last reset